|
|
|
|
| LEADER |
00892cam a2200265 7i4500 |
| 001 |
0000067899 |
| 005 |
20221108090000.0 |
| 020 |
|
|
|a 9781118549247 (electronic book)
|
| 090 |
0 |
0 |
|a QP303
|b .G58 2014
|
| 100 |
1 |
|
|a Glass, Steve
|
| 245 |
0 |
0 |
|a Kinesiology for dummies
|c by Steve Glass, Brian Hatzel, Rick Albrecht.
|
| 264 |
|
|
|a Hoboken:
|b John Wiley & Sons,
|c 2014.
|
| 300 |
|
|
|a 1 online resource ( 366 pages):
|b illustrations, text file, PDF.
|
| 336 |
|
|
|a text
|2 rdacontent
|
| 337 |
|
|
|a computer
|2 rdamedia
|
| 338 |
|
|
|a online resource
|2 rdacarrier
|
| 650 |
|
0 |
|a Human mechanics
|
| 650 |
|
0 |
|a Kinesiology
|
| 655 |
|
0 |
|a Electronic books
|
| 700 |
1 |
|
|a Albrecht, Rick
|
| 700 |
1 |
|
|a Hatzel, Brian
|
| 856 |
4 |
2 |
|u http://library.unisel.edu.my/web/guest/mylibrary
|
| 997 |
|
|
|a Health Sciences, Faculty
|
| 998 |
|
|
|a Physiotherapy, Diploma
|
| 999 |
|
|
|a EBO0012260
|b EBOOK
|c EBOOK
|e Electronic resources
|